[Event "41st IT Bosna 2011"]
[Site "Sarajevo"]
[Date "2011.05.05"]
[Round "3.17"]
[White "Rapport, Richard"]
[Black "Firat, Burak"]
[Result "1/2-1/2"]
[WhiteElo "2552"]
[BlackElo "2380"]
[PlyCount "81"]
[EventDate "2011.05.03"]

1. Nf3 d5 2. c4 c6 3. e3 Nf6 4. Nc3 a6 5. d4 Bf5 6. Bd3 Bxd3 7. Qxd3 e6 8. O-O
Nbd7 9. b3 Bd6 10. Re1 O-O 11. Bb2 Qe7 12. e4 dxe4 13. Nxe4 Nxe4 14. Qxe4 Ba3
15. Bc3 Bb4 16. Bxb4 Qxb4 17. Re3 Rfd8 18. Qc2 Nf6 19. Rd1 Rd6 20. Qb2 Rad8 21.
a3 Qa5 22. b4 Qc7 23. h3 h6 24. a4 Nd7 25. Nd2 Nf6 26. Nf3 Nd7 27. Rc1 Nf8 28.
Re4 Ng6 29. Rce1 Qe7 30. g3 Qc7 31. h4 Ne7 32. h5 Nf5 33. g4 Ne7 34. a5 f5 35.
Rxe6 Rxe6 36. Rxe6 fxg4 37. Ne5 Nf5 38. Qe2 Nxd4 39. Qxg4 Nxe6 40. Qxe6+ Kh7
41. Qg6+ 1/2-1/2

[Event "41st IT Bosna 2011"]
[Site "Sarajevo"]
[Date "2011.05.05"]
[Round "3.18"]
[White "Kanmazalp, Ogulcan"]
[Black "Georgiev, Kiril"]
[Result "0-1"]
[WhiteElo "2404"]
[BlackElo "2656"]
[PlyCount "72"]
[EventDate "2011.05.03"]

1. e4 c5 2. c3 Nf6 3. e5 Nd5 4. Bc4 Nb6 5. Bb3 c4 6. Bc2 Nc6 7. Nf3 d6 8. exd6
Qxd6 9. O-O g6 10. b3 Bg7 11. Na3 cxb3 12. axb3 O-O 13. d4 Bg4 14. Nc4 Qd5 15.
Ne3 Bxf3 16. Qxf3 Qxf3 17. gxf3 e6 18. Bb2 Rac8 19. Be4 a6 20. Rfd1 Rfd8 21. d5
exd5 22. Nxd5 Nd7 23. Ba3 Bf8 24. Bxf8 Kxf8 25. f4 Nc5 26. Bc2 Rd6 27. Kg2 Ne6
28. Kg3 Ncd4 29. cxd4 Rxd5 30. Be4 Rc3+ 31. f3 Rb5 32. d5 Nc5 33. Kh4 f5 34. d6
fxe4 35. d7 Nxd7 36. Rxd7 Rxf3 0-1

[Event "41st IT Bosna 2011"]
[Site "Sarajevo"]
[Date "2011.05.05"]
[Round "3.19"]
[White "Smeets, Jan"]
[Black "Bandic, Adnan"]
[Result "1-0"]
[WhiteElo "2647"]
[BlackElo "2210"]
[PlyCount "127"]
[EventDate "2011.05.03"]

1. e4 e5 2. Nf3 Nf6 3. Nxe5 d6 4. Nf3 Nxe4 5. d4 d5 6. Bd3 Nc6 7. O-O Nb4 8.
Re1 Be7 9. Bxe4 dxe4 10. Rxe4 Bf5 11. Re2 O-O 12. a3 Nd5 13. c4 Nb6 14. b3 Bf6
15. h3 c5 16. Bb2 Qd6 17. Rd2 cxd4 18. Bxd4 Bxd4 19. Rxd4 Qf6 20. Nc3 Rae8 21.
c5 Nc8 22. Nd5 Qc6 23. b4 h6 24. Qb3 Re6 25. Qc4 b5 26. Qb3 Rfe8 27. Rad1 Be4
28. Nd2 Bf5 29. Qf3 Bc2 30. Rc1 Bg6 31. Nf4 Re1+ 32. Rxe1 Rxe1+ 33. Kh2 Qc7 34.
Qg3 Bf5 35. Nf3 Ra1 36. Nh5 Qxg3+ 37. Nxg3 Be6 38. Rd8+ Kh7 39. Nd4 Ne7 40.
Nxe6 fxe6 41. Rd7 Nd5 42. Rxa7 Nxb4 43. Nh5 Nd5 44. Rb7 Rxa3 45. Nxg7 e5 46.
Ne8+ Kg8 47. c6 Rc3 48. c7 b4 49. Rb8 Ne7 50. Nd6+ Kg7 51. c8=Q Nxc8 52. Nxc8
Kf7 53. Nd6+ Ke6 54. Ne4 Rc4 55. Nd2 Rd4 56. Nb3 Rc4 57. Na5 Rc5 58. Nb3 Rc4
59. Rb6+ Kd5 60. Rxh6 Rc3 61. Nd2 Rc2 62. Rh8 Rc7 63. Rd8+ Kc5 64. g4 1-0

[Event "41st IT Bosna 2011"]
[Site "Sarajevo"]
[Date "2011.05.05"]
[Round "3.20"]
[White "Parligras, Mircea-Emilian"]
[Black "Marjanovic, Dejan"]
[Result "1-0"]
[WhiteElo "2626"]
[BlackElo "2149"]
[PlyCount "57"]
[EventDate "2011.05.03"]

1. e4 c5 2. c3 Nf6 3. e5 Nd5 4. Nf3 Nc6 5. Bc4 Nb6 6. Bb3 c4 7. Bc2 Qc7 8. Qe2
g5 9. h3 Bg7 10. O-O Nxe5 11. Nxg5 h6 12. Nf3 Nxf3+ 13. Qxf3 d5 14. a4 Be6 15.
Re1 Nd7 16. d4 cxd3 17. Bxd3 a6 18. Bf4 Be5 19. Rxe5 Nxe5 20. Qh5 Qb6 21. Qxe5
f6 22. Qe2 Kd7 23. a5 Qc6 24. Nd2 Rag8 25. Re1 Bxh3 26. Bg3 Bg4 27. Qxe7+ Kc8
28. Qb4 Re8 29. Qxg4+ 1-0

[Event "41st IT Bosna 2011"]
[Site "Sarajevo"]
[Date "2011.05.05"]
[Round "3.21"]
[White "Stojanovic, Dalibor"]
[Black "Mrndjic, Muamer"]
[Result "1/2-1/2"]
[WhiteElo "2503"]
[BlackElo "2182"]
[PlyCount "97"]
[EventDate "2011.05.03"]

1. e4 c5 2. Nf3 e6 3. d4 cxd4 4. Nxd4 Nf6 5. Nc3 d6 6. Be3 a6 7. Be2 Be7 8. f4
O-O 9. Qd2 Qc7 10. g4 b5 11. Bf3 Bb7 12. Qg2 b4 13. Nce2 d5 14. e5 Nfd7 15. g5
Nc6 16. Nxc6 Bxc6 17. h4 Rac8 18. Nd4 Nc5 19. h5 Be8 20. Qh3 Bd7 21. g6 h6 22.
gxf7+ Rxf7 23. Bg4 Re8 24. O-O-O Bf8 25. Kb1 a5 26. Rhg1 Kh8 27. f5 exf5 28.
Nxf5 Qc8 29. Nh4 Bxg4 30. Ng6+ Kh7 31. Rxg4 Ne4 32. Qg2 Bc5 33. Bxc5 Qxc5 34.
Nf4 Rxe5 35. Rg1 Rg5 36. Ne6 Rxg4 37. Qxg4 Qe7 38. Nf4 Nf6 39. Qf5+ Kg8 40.
Nxd5 Nxd5 41. Qxd5 Qf6 42. Rd1 Qf5 43. b3 Kh7 44. Kb2 Qf6+ 45. Kb1 Qf5 46. Rd4
Qf1+ 47. Kb2 Qf6 48. a3 Re7 49. Qd8 1/2-1/2

[Event "41st IT Bosna 2011"]
[Site "Sarajevo"]
[Date "2011.05.05"]
[Round "3.23"]
[White "Bucan, Eldin"]
[Black "Al-Sayed, Mohammed"]
[Result "0-1"]
[WhiteElo "2177"]
[BlackElo "2485"]
[PlyCount "62"]
[EventDate "2011.05.03"]

1. e4 c5 2. Nf3 d6 3. d4 cxd4 4. Nxd4 Nf6 5. Nc3 a6 6. Bg5 Nbd7 7. f4 Qc7 8.
Qf3 h6 9. Bh4 g5 10. fxg5 hxg5 11. Bxg5 Qc5 12. Nf5 e6 13. Bxf6 Nxf6 14. Nxd6+
Bxd6 15. Qxf6 Bg3+ 16. Ke2 Be5 17. Qf2 Qb4 18. Nd1 Bd7 19. Qe3 Bc6 20. c3 Qa4
21. b3 Qa3 22. g4 O-O-O 23. h4 Qd6 24. Bg2 Bf4 25. Qd4 Qe7 26. Qc4 Rd2+ 27. Kf1
Kb8 28. Kg1 Rxd1+ 29. Rxd1 Be3+ 30. Kf1 Qf6+ 31. Ke2 Qf2+ 0-1

[Event "41st IT Bosna 2011"]
[Site "Sarajevo"]
[Date "2011.05.05"]
[Round "3.24"]
[White "Fauland, Alexander"]
[Black "Banduka, Zeljko"]
[Result "1-0"]
[WhiteElo "2478"]
[BlackElo "2133"]
[PlyCount "87"]
[EventDate "2011.05.03"]

1. d4 Nf6 2. c4 g6 3. Nc3 Bg7 4. e4 d6 5. f3 O-O 6. Bg5 h6 7. Be3 c5 8. d5 a6
9. Qd2 Kh7 10. h4 b5 11. cxb5 axb5 12. Bxb5 Ba6 13. Bxa6 Nxa6 14. h5 g5 15.
Nge2 Nd7 16. O-O Ne5 17. b3 Nb4 18. Rad1 Rg8 19. Nc1 Qe8 20. Nb1 f5 21. a3 f4
22. axb4 fxe3 23. Qxe3 cxb4 24. g4 Qb5 25. Rf2 Ra1 26. Ne2 Rc8 27. Kg2 Qa6 28.
Nd4 Bf6 29. Nc2 Nd3 30. Rxd3 Rxb1 31. Nxb4 Qa1 32. Ra2 Rb2+ 33. Rxb2 Qxb2+ 34.
Rd2 Qc1 35. Nc6 Ra8 36. Re2 Qd1 37. Rd2 Qc1 38. Re2 Qd1 39. Qd2 Qxb3 40. Qc2
Qxc2 41. Rxc2 Ra1 42. Nxe7 Bd4 43. Nf5 Bc5 44. e5 1-0

[Event "41st IT Bosna 2011"]
[Site "Sarajevo"]
[Date "2011.05.05"]
[Round "3.25"]
[White "Slingerland, Fred"]
[Black "Alihodzic, Muzafer"]
[Result "1-0"]
[WhiteElo "2415"]
[BlackElo "2109"]
[PlyCount "116"]
[EventDate "2011.05.03"]

1. e4 c6 2. Nc3 d5 3. Nf3 dxe4 4. Nxe4 Bf5 5. Ng3 Bg4 6. h3 Bxf3 7. Qxf3 e6 8.
Bc4 Nd7 9. Qe2 Qc7 10. d4 Ngf6 11. O-O O-O-O 12. c3 Bd6 13. Ne4 Nxe4 14. Qxe4
h6 15. Re1 g5 16. Be2 Nf6 17. Qf3 Qe7 18. b4 Rdg8 19. b5 h5 20. bxc6 g4 21. Qd3
gxh3 22. Qxh3 bxc6 23. Rb1 Ng4 24. Ba6+ Kd8 25. Ba3 Qf6 26. Bxd6 Qxf2+ 27. Kh1
Qxe1+ 28. Rxe1 Nf2+ 29. Kh2 Nxh3 30. Kxh3 Rh6 31. Rb1 Kd7 32. Bf4 Rhg6 33. g3
h4 34. gxh4 f6 35. Rb7+ Ke8 36. Bc4 Rg1 37. Bh2 Re1 38. Rb8+ Kf7 39. Rxg8 Kxg8
40. Bf4 Kg7 41. Kg3 e5 42. dxe5 fxe5 43. Bg5 Re4 44. Bb3 Re2 45. Kf3 Rh2 46.
Be6 Kg6 47. Ke4 Re2+ 48. Kd3 Rf2 49. a4 a5 50. Bd7 c5 51. c4 Rf1 52. Bd2 Rh1
53. Bxa5 Rxh4 54. Bc3 e4+ 55. Ke3 Rh7 56. Bc8 Rc7 57. Be6 Re7 58. Bd5 Kf5 1-0

[Event "41st IT Bosna 2011"]
[Site "Sarajevo"]
[Date "2011.05.05"]
[Round "3.26"]
[White "Zlobec, Srdjan"]
[Black "Bejtovic, Jasmin"]
[Result "0-1"]
[WhiteElo "2153"]
[BlackElo "2413"]
[PlyCount "150"]
[EventDate "2011.05.03"]

1. d4 Nf6 2. Nf3 g6 3. Bf4 Bg7 4. h3 d6 5. e3 O-O 6. Be2 c5 7. c3 Be6 8. Qa4
Nbd7 9. O-O Nb6 10. Qd1 Nbd5 11. Bh2 Qb6 12. Qc1 Rfc8 13. dxc5 Qxc5 14. Nd4 Bd7
15. Bf3 Rab8 16. Nd2 b5 17. Qd1 Nb6 18. Qe2 Na4 19. N2b3 Qc4 20. Qd2 e5 21. Nc2
Qc7 22. Nb4 Rb6 23. Rfd1 Be6 24. Rab1 Bf5 25. Rbc1 Qe7 26. Nd5 Nxd5 27. Bxd5
Rcb8 28. Bg3 Ra6 29. c4 b4 30. e4 Bc8 31. f3 Nb6 32. Ra1 Nxd5 33. Qxd5 Be6 34.
Qd3 Rc6 35. Nd2 Bh6 36. b3 a5 37. Nf1 a4 38. Bf2 Ra8 39. Ne3 Qg5 40. Kf1 Rca6
41. Rab1 axb3 42. axb3 Ra2 43. Nc2 Qd8 44. c5 Qc8 45. c6 Qxc6 46. Nxb4 Rxf2+
47. Kxf2 Qc5+ 48. Kf1 Qxb4 49. Qxd6 Qc3 50. Qd3 Qc8 51. Rb2 Bf8 52. Kg1 Bc5+
53. Kh2 Bd4 54. Rbb1 Ra3 55. Qb5 Ra2 56. Rbc1 Qd8 57. Qd3 Ra3 58. Rb1 Qb8 59.
Rdc1 h5 60. Qe2 Rxb3 61. Rxb3 Qxb3 62. Qc2 Qe3 63. Rb1 Qf4+ 64. Kh1 Qg3 65. Qd2
Bxh3 66. gxh3 Qxh3+ 67. Qh2 Qxf3+ 68. Qg2 Qf4 69. Qe2 Be3 70. Rb4 Qh4+ 71. Kg2
Qg5+ 72. Kh3 Qg1 73. Qf3 Bf4 74. Rb2 g5 75. Rg2 Qh1+ 0-1

[Event "41st IT Bosna 2011"]
[Site "Sarajevo"]
[Date "2011.05.05"]
[Round "3.27"]
[White "Dumpor, Atif"]
[Black "Cerimovic, Aldin"]
[Result "1-0"]
[WhiteElo "2383"]
[BlackElo "2092"]
[PlyCount "73"]
[EventDate "2011.05.03"]

1. c4 Nf6 2. Nf3 c6 3. b3 d6 4. g3 Bg4 5. Bg2 Nbd7 6. Nc3 e5 7. h3 Bxf3 8. Bxf3
Qa5 9. a3 Be7 10. b4 Qc7 11. O-O Rd8 12. d3 O-O 13. Be3 Nb6 14. Qb3 Nc8 15. a4
Qd7 16. Bg2 d5 17. cxd5 cxd5 18. Bg5 d4 19. Bxf6 Bxf6 20. Ne4 Be7 21. Nc5 Bxc5
22. bxc5 b6 23. Rfc1 Kh8 24. a5 bxc5 25. Rxc5 Qe7 26. Rac1 Nd6 27. Qd5 f6 28.
h4 g6 29. Rc7 Rd7 30. Rxd7 Qxd7 31. Rc6 Rd8 32. Qc5 Qe7 33. Bh3 Nf5 34. Qxe7
Nxe7 35. Rxf6 Kg7 36. Ra6 Nd5 37. Be6 1-0

[Event "41st IT Bosna 2011"]
[Site "Sarajevo"]
[Date "2011.05.05"]
[Round "3.28"]
[White "Rasidovic, Sead"]
[Black "Yurtseven, Melih"]
[Result "0-1"]
[WhiteElo "2380"]
[BlackElo "2050"]
[PlyCount "74"]
[EventDate "2011.05.03"]

1. e4 c5 2. Nf3 d6 3. d4 cxd4 4. Nxd4 Nf6 5. Nc3 a6 6. Be2 e5 7. Nb3 Be7 8. Bg5
O-O 9. Qd2 Be6 10. O-O-O Nbd7 11. f3 b5 12. a3 Rb8 13. Kb1 Bc4 14. Be3 a5 15.
Na2 Qc7 16. g4 Rfc8 17. g5 Nh5 18. Bf1 Bxf1 19. Rhxf1 b4 20. axb4 axb4 21. Rf2
Nb6 22. Bxb6 Qxb6 23. h4 Nf4 24. Qe1 Rb7 25. Nac1 Ra8 26. Rfd2 Qa6 27. Qf1 Qa4
28. Qc4 Rba7 29. c3 Rb7 30. Kc2 Qd7 31. Nc5 Qc8 32. cxb4 dxc5 33. bxc5 Ne6 34.
b4 Nd4+ 35. Rxd4 exd4 36. Rxd4 Rxb4 37. Qxb4 Bxc5 0-1

[Event "41st IT Bosna 2011"]
[Site "Sarajevo"]
[Date "2011.05.05"]
[Round "3.29"]
[White "Brkic, Mustafa"]
[Black "Trkulja, Goran"]
[Result "0-1"]
[WhiteElo "2143"]
[BlackElo "2379"]
[PlyCount "101"]
[EventDate "2011.05.03"]

1. b3 d5 2. e3 e5 3. Bb2 Bd6 4. f4 Nd7 5. c4 Ngf6 6. c5 Bxc5 7. fxe5 Ne4 8. Nf3
O-O 9. Qc2 Ng5 10. Be2 Nxf3+ 11. Bxf3 c6 12. O-O Re8 13. Kh1 Bb6 14. d4 Qh4 15.
g3 Qh6 16. Qf2 f6 17. Nc3 Nf8 18. exf6 Qxf6 19. Qg1 Qg6 20. Rae1 Bf5 21. Qf2
Bd3 22. Be2 Bxe2 23. Rxe2 Nd7 24. Qf5 Qxf5 25. Rxf5 Ba5 26. Nxd5 Bd8 27. Nb4 a5
28. Nd3 a4 29. Kg2 axb3 30. axb3 g6 31. Rf1 Ra5 32. b4 Rb5 33. e4 Nf6 34. Rfe1
Be7 35. Bc3 Ra8 36. Nc5 b6 37. Nd3 Ra3 38. Rc1 Ng4 39. h3 Bg5 40. Nf4 Nf6 41.
Be1 Nh5 42. Rec2 Bxf4 43. gxf4 Nxf4+ 44. Kf1 Rxh3 45. e5 Rh1+ 46. Kf2 Nd3+ 47.
Ke2 Nxc1+ 48. Rxc1 Rxb4 49. Kd3 Rb3+ 50. Ke4 Rb2 51. Bg3 0-1

[Event "41st IT Bosna 2011"]
[Site "Sarajevo"]
[Date "2011.05.05"]
[Round "3.30"]
[White "Bistric, Faruk"]
[Black "Koksal, Ege"]
[Result "1-0"]
[WhiteElo "2376"]
[BlackElo "2004"]
[PlyCount "77"]
[EventDate "2011.05.03"]

1. e4 e5 2. Nf3 Nc6 3. Nc3 Nf6 4. h3 Be7 5. d4 exd4 6. Nxd4 O-O 7. Bb5 Bb4 8.
O-O Bxc3 9. bxc3 Nxe4 10. Qf3 Nxd4 11. cxd4 d5 12. Re1 Bd7 13. Bd3 Bc6 14. Bf4
Re8 15. Qg4 Bd7 16. Qh5 Qf6 17. Bxe4 dxe4 18. Bxc7 Qc6 19. Bf4 Be6 20. Re3 Qd5
21. Qd1 Red8 22. c3 Rac8 23. a4 Rc4 24. Rb1 Bd7 25. Rg3 f6 26. Bh6 g6 27. a5
Ra4 28. Re3 Rxa5 29. Qe1 Qh5 30. Bf4 Bc6 31. Bc7 Rad5 32. Bxd8 Rxd8 33. Rxe4
Qd5 34. f3 a5 35. Re6 Rd6 36. Re7 a4 37. Qh4 h5 38. Rbe1 Qf5 39. Qg3 1-0

[Event "41st IT Bosna 2011"]
[Site "Sarajevo"]
[Date "2011.05.05"]
[Round "3.31"]
[White "Hajdarevic, Samir"]
[Black "Kadric, Denis"]
[Result "0-1"]
[WhiteElo "2143"]
[BlackElo "2376"]
[PlyCount "70"]
[EventDate "2011.05.03"]

1. e4 c5 2. Nf3 d6 3. d4 cxd4 4. Nxd4 Nf6 5. Nc3 a6 6. h3 e5 7. Nde2 h5 8. g3
Nbd7 9. Bg2 b5 10. Bg5 Be7 11. a3 Bb7 12. Bxf6 Nxf6 13. Qd3 Rc8 14. O-O Qb6 15.
Kh2 g6 16. Rae1 Kf8 17. Nc1 Kg7 18. N1a2 Rc4 19. Nb4 Rhc8 20. Re2 Qc5 21. f4 h4
22. gxh4 Nh5 23. Nbd5 Bxh4 24. f5 Bg3+ 25. Kh1 Bf4 26. f6+ Kh7 27. Rxf4 exf4
28. Re1 Bxd5 29. exd5 Nxf6 30. Re7 Rc7 31. Re2 Kg7 32. Qf3 b4 33. Ne4 Nxe4 34.
Rxe4 Rxe4 35. Qxe4 bxa3 0-1

[Event "41st IT Bosna 2011"]
[Site "Sarajevo"]
[Date "2011.05.05"]
[Round "3.32"]
[White "Kislik, Erik Andrew"]
[Black "Uyanik, Mehmet"]
[Result "1-0"]
[WhiteElo "2347"]
[BlackElo "1668"]
[PlyCount "63"]
[EventDate "2011.05.03"]

1. e4 c5 2. Nf3 d6 3. d4 cxd4 4. Nxd4 Nf6 5. Nc3 a6 6. h3 e6 7. g4 Nc6 8. Be3
Be7 9. Qe2 d5 10. O-O-O Ne5 11. g5 Nfd7 12. exd5 exd5 13. Nxd5 Bxg5 14. f4 Qa5
15. Nb3 Qd8 16. fxg5 O-O 17. Rg1 Re8 18. Qg2 Ng6 19. Bd3 a5 20. Bxg6 hxg6 21.
Bf4 Re6 22. Nc7 Rc6 23. Nxa8 a4 24. Nd4 Rc4 25. Qd5 Rc5 26. Ne6 fxe6 27. Qxe6+
Kh7 28. Rg4 Nf6 29. Rh4+ Nh5 30. Rxh5+ gxh5 31. g6+ Kh8 32. Rxd8# 1-0

[Event "41st IT Bosna 2011"]
[Site "Sarajevo"]
[Date "2011.05.05"]
[Round "3.34"]
[White "Hamornik, Jozef"]
[Black "Konjicanin, Muris"]
[Result "0-1"]
[WhiteElo "2063"]
[BlackElo "2261"]
[PlyCount "94"]
[EventDate "2011.05.03"]

1. Nf3 d5 2. c4 c6 3. b3 Nf6 4. g3 Bf5 5. Bg2 e6 6. O-O Bc5 7. Bb2 O-O 8. d3
Nbd7 9. Nbd2 Bg6 10. Rc1 Rc8 11. a3 a6 12. b4 Bd6 13. e4 dxe4 14. dxe4 Bh5 15.
Qc2 Bxf3 16. Nxf3 Qc7 17. Rcd1 Be5 18. Nxe5 Nxe5 19. h3 Rfd8 20. f4 Ng6 21. Kh2
Rxd1 22. Rxd1 Rd8 23. e5 Ne8 24. Be4 Rxd1 25. Qxd1 Ne7 26. Qd3 g6 27. g4 f5 28.
Bf3 b5 29. Kg3 Kf7 30. Kf2 c5 31. cxb5 c4 32. Qd4 axb5 33. Ke3 fxg4 34. hxg4 h5
35. Kd2 hxg4 36. Bxg4 Qc6 37. Qe3 Nc7 38. Bf3 Ncd5 39. Bxd5 Qxd5+ 40. Kc2 Nf5
41. Qe2 Ke8 42. Bc3 Kd7 43. Kb2 Kc6 44. a4 bxa4 45. Ka3 Nd4 46. Qb2 Nb5+ 47.
Kxa4 Qd1+ 0-1

[Event "41st IT Bosna 2011"]
[Site "Sarajevo"]
[Date "2011.05.05"]
[Round "3.38"]
[White "Arat, Ufuk Sezen"]
[Black "Sadikovic, Samir"]
[Result "1-0"]
[WhiteElo "2053"]
[BlackElo "2167"]
[PlyCount "45"]
[EventDate "2011.05.03"]

1. e4 d5 2. exd5 Qxd5 3. Nc3 Qa5 4. d4 Nf6 5. Bc4 Bg4 6. f3 Bf5 7. Nge2 e5 8.
Bd2 exd4 9. Nb5 Qb6 10. Nexd4 Bd7 11. Qe2+ Be7 12. O-O-O c5 13. Nb3 a5 14. Bf4
O-O 15. Bc7 Qa6 16. Qxe7 Bxb5 17. Rd8 Nbd7 18. Nxc5 Qc6 19. Qxf7+ Kh8 20. Ne6
Qxe6 21. Rxf8+ Rxf8 22. Qxe6 Re8 23. Qxe8+ 1-0

[Event "41st IT Bosna 2011"]
[Site "Sarajevo"]
[Date "2011.05.05"]
[Round "3.39"]
[White "Besirevic, Jasmin"]
[Black "Spasenovic, Zoran"]
[Result "0-1"]
[WhiteElo "1967"]
[BlackElo "2131"]
[PlyCount "120"]
[EventDate "2011.05.03"]

1. Nf3 d5 2. c4 c6 3. e3 Nf6 4. d4 Bf5 5. Nc3 e6 6. Qb3 Qb6 7. Nd2 Nbd7 8. Be2
Be7 9. O-O Qc7 10. cxd5 exd5 11. Bf3 Ng4 12. g3 h5 13. e4 dxe4 14. Ndxe4 Qb6
15. Qxb6 Nxb6 16. Re1 Rd8 17. Nc5 Bc8 18. Be3 Nxe3 19. Rxe3 Kf8 20. Rae1 Bf6
21. Nb3 Nc4 22. R3e2 Bf5 23. Rd1 g6 24. Kg2 Kg7 25. h3 Rhe8 26. Be4 Nxb2 27.
Rxb2 Bxe4+ 28. Nxe4 Rxe4 29. Rbd2 Rd5 30. Kf3 Re7 31. h4 b6 32. Rc1 Re6 33.
Rdc2 Rdd6 34. Rc4 b5 35. Rc5 Bxd4 36. Nxd4 Rxd4 37. Rxc6 Rd3+ 38. Kg2 Rxc6 39.
Rxc6 Ra3 40. Rc5 b4 41. Rc4 a5 42. Rc2 Kf6 43. Kf1 Ke5 44. Ke1 Kd4 45. Kd1 f6
46. Kd2 g5 47. hxg5 fxg5 48. Ke2 h4 49. Rd2+ Ke4 50. gxh4 gxh4 51. Kf1 Rd3 52.
Rc2 Kd4 53. Kg2 a4 54. Rc8 b3 55. axb3 axb3 56. Rh8 h3+ 57. Kh2 b2 58. Rb8 Kc3
59. f4 Kc2 60. Rc8+ Rc3 0-1

[Event "41st IT Bosna 2011"]
[Site "Sarajevo"]
[Date "2011.05.05"]
[Round "3.41"]
[White "Kamberovic, Senad"]
[Black "Patrucic, Miroslav"]
[Result "1-0"]
[WhiteElo "2272"]
[BlackElo "2039"]
[PlyCount "67"]
[EventDate "2011.05.03"]

1. d4 d5 2. Nf3 Nf6 3. Bf4 Bf5 4. e3 e6 5. Bd3 Ne4 6. O-O g5 7. Bxe4 dxe4 8.
Nxg5 f6 9. Nh3 Bd6 10. Bxd6 cxd6 11. f4 Rg8 12. Nf2 d5 13. c4 Nc6 14. Nc3 Qd7
15. cxd5 exd5 16. Kh1 O-O-O 17. Rc1 Kb8 18. Na4 b6 19. Nc3 Nb4 20. Qd2 Nd3 21.
Nxd3 exd3 22. a4 Qd6 23. g3 Rge8 24. Kg1 Rd7 25. Rfe1 Qe7 26. Nd1 Be4 27. Nf2
f5 28. Nxd3 Bxd3 29. Qxd3 Qe4 30. Qxe4 dxe4 31. Rc3 Rc7 32. Rxc7 Kxc7 33. Rc1+
Kd6 34. Kf2 1-0

[Event "41st IT Bosna 2011"]
[Site "Sarajevo"]
[Date "2011.05.05"]
[Round "3.43"]
[White "Kozarcanin, Sead"]
[Black "Jacimovic, Sara"]
[Result "1-0"]
[WhiteElo "2131"]
[BlackElo "1959"]
[PlyCount "53"]
[EventDate "2011.05.03"]

1. e4 e5 2. Nc3 Nc6 3. g3 Nf6 4. Bg2 a6 5. Nf3 Bc5 6. Nxe5 Bxf2+ 7. Kxf2 Nxe5
8. d4 Neg4+ 9. Kg1 d6 10. h3 Nh6 11. Bxh6 gxh6 12. Qf3 O-O 13. Rf1 Ne8 14. Kh2
Ng7 15. g4 Ne6 16. Nd5 Qg5 17. c3 c5 18. Qf5 Qg7 19. Nf6+ Kh8 20. d5 Nc7 21.
Qf4 Rd8 22. Nh5 Qf8 23. Qxf7 Bd7 24. Qf6+ Qxf6 25. Rxf6 Bb5 26. c4 Bxc4 27. Rf7
1-0

[Event "41st IT Bosna 2011"]
[Site "Sarajevo"]
[Date "2011.05.05"]
[Round "3.44"]
[White "Corovic, Sean"]
[Black "Strinic, Halid"]
[Result "0-1"]
[WhiteElo "2116"]
[BlackElo "1903"]
[PlyCount "94"]
[EventDate "2011.05.03"]

1. d4 d6 2. Nf3 c6 3. c4 Nf6 4. Nc3 Nbd7 5. e4 e5 6. Be2 a6 7. Bg5 Be7 8. O-O
Qc7 9. h3 b5 10. a3 O-O 11. Qd2 h6 12. Be3 exd4 13. Nxd4 Ne5 14. cxb5 axb5 15.
Qc2 Qb7 16. Rfd1 Re8 17. Qb3 Bd7 18. f4 Ng6 19. Bd3 d5 20. e5 Bc5 21. Bxg6 fxg6
22. Qc2 g5 23. Ncxb5 Ne4 24. Nc3 Nxc3 25. Qxc3 gxf4 26. Bxf4 Ba7 27. b4 Rac8
28. Kh2 Rf8 29. Qg3 Kh8 30. e6 Rxf4 31. exd7 Qxd7 32. Ne2 Rf2 33. Qd3 Qd6+ 34.
Qg3 Qe7 35. Qxf2 Bxf2 36. Ng1 Bxg1+ 37. Kxg1 Qe3+ 38. Kh1 d4 39. Ra2 c5 40.
bxc5 Rxc5 41. Rad2 Rc4 42. Rd3 Qe4 43. R3d2 Ra4 44. Rd3 Kh7 45. Rg3 Rc4 46. Rf1
Rc3 47. Rg4 Rxh3+ 0-1

[Event "41st IT Bosna 2011"]
[Site "Sarajevo"]
[Date "2011.05.05"]
[Round "3.45"]
[White "Lakota, Izet"]
[Black "Vukmirovic, Dusan"]
[Result "0-1"]
[WhiteElo "1838"]
[BlackElo "2087"]
[PlyCount "78"]
[EventDate "2011.05.03"]

1. e4 c5 2. Nf3 Nc6 3. b3 d6 4. h3 e5 5. Bb5 Nf6 6. Bxc6+ bxc6 7. d3 g6 8. Bg5
Bg7 9. O-O O-O 10. Nbd2 h6 11. Bh4 g5 12. Bg3 Nh5 13. Nh2 Nf4 14. Rb1 Ne6 15.
Nc4 Nf4 16. Ne3 Be6 17. f3 Ng6 18. Nhg4 Ne7 19. Bf2 d5 20. Nf5 Nxf5 21. exf5
Bxf5 22. Bxc5 Re8 23. Re1 d4 24. Qd2 Qd5 25. Ba3 Bg6 26. Bc1 Re6 27. Qe2 Rae8
28. Qf2 f5 29. Nh2 e4 30. dxe4 fxe4 31. fxe4 Rxe4 32. Bd2 c5 33. Nf3 c4 34. Bb4
c3 35. Rbd1 Rxe1+ 36. Nxe1 d3 37. Nf3 Be4 38. cxd3 Bxf3 39. Qxf3 Qd4+ 0-1

[Event "41st IT Bosna 2011"]
[Site "Sarajevo"]
[Date "2011.05.05"]
[Round "3.46"]
[White "Grubacic, Mile"]
[Black "Hadziselimovic, Bernardina"]
[Result "1/2-1/2"]
[WhiteElo "2048"]
[BlackElo "1822"]
[PlyCount "155"]
[EventDate "2011.05.03"]

1. e4 c5 2. Nf3 Nc6 3. d4 cxd4 4. Nxd4 Nf6 5. Nc3 d6 6. Bc4 e5 7. Nde2 Be7 8.
Bg5 O-O 9. Qd2 a6 10. O-O b5 11. Bxf6 Bxf6 12. Bd5 Qc7 13. Bxc6 Qxc6 14. Nd5
Bd8 15. Nec3 Be6 16. Rfd1 a5 17. a3 Rc8 18. Qd3 f5 19. Qxb5 Qxb5 20. Nxb5 Rxc2
21. Nxd6 fxe4 22. Nxe4 Rxb2 23. f3 h6 24. Rd3 Bxd5 25. Rxd5 Bb6+ 26. Kf1 Rc8
27. Rxe5 Rcc2 28. Re8+ Kh7 29. Rb8 a4 30. h4 Rb3 31. Rd1 Bc7 32. Rc8 Rxa3 33.
h5 Rc6 34. Rd7 Rc1+ 35. Ke2 Ra2+ 36. Nd2 Rac2 37. Ra8 Bf4 38. Rxa4 Bxd2 39.
Rxd2 Rc5 40. g4 Rh1 41. Ke3 Rc3+ 42. Rd3 Re1+ 43. Kd2 Rcc1 44. Ra7 Rcd1+ 45.
Kc3 Rxd3+ 46. Kxd3 Kg8 47. Ra4 Re7 48. Re4 Rd7+ 49. Ke3 Kf7 50. Kf4 g5+ 51.
hxg6+ Kxg6 52. Re6+ Kg7 53. Ke5 Ra7 54. f4 Ra5+ 55. Ke4 Ra4+ 56. Kf5 Ra5+ 57.
Re5 Ra7 58. Re6 Ra5+ 59. Ke4 Ra4+ 60. Kf3 Ra3+ 61. Kg2 Rc3 62. f5 Ra3 63. Kf2
Rb3 64. Re3 Rb6 65. Kg3 Rb1 66. Re7+ Kg8 67. Kf4 Rb4+ 68. Re4 Rb1 69. Ke5 Kf7
70. Rd4 Re1+ 71. Kd5 Kf6 72. Re4 Rd1+ 73. Kc6 Kf7 74. Re6 Rc1+ 75. Kd7 Rd1+ 76.
Rd6 Rxd6+ 77. Kxd6 Kf6 78. Kd5 1/2-1/2

[Event "41st IT Bosna 2011"]
[Site "Sarajevo"]
[Date "2011.05.05"]
[Round "3.47"]
[White "Orehek, Spela"]
[Black "Hadzialic, Benjamin"]
[Result "1-0"]
[WhiteElo "2017"]
[BlackElo "1702"]
[PlyCount "135"]
[EventDate "2011.05.03"]

1. e4 e6 2. d4 d5 3. Nc3 Nf6 4. e5 Nfd7 5. f4 c5 6. Nf3 Nc6 7. Be3 a6 8. Qd2
Qc7 9. dxc5 Bxc5 10. O-O-O b5 11. g4 Bb7 12. Nd4 O-O-O 13. Kb1 Kb8 14. a4 b4
15. Nce2 Qb6 16. b3 Rc8 17. Bg2 Ka8 18. Rhe1 Rc7 19. Bg1 Rhc8 20. Rc1 Ndb8 21.
h3 Nxd4 22. Nxd4 Nc6 23. Nf3 Bxg1 24. Rxg1 Nd8 25. f5 Ka7 26. Qd4 Rc3 27. Rgf1
R8c7 28. Rf2 a5 29. Qxb6+ Kxb6 30. Nd4 Ba6 31. Bf1 Bxf1 32. Rcxf1 Rxh3 33. fxe6
fxe6 34. Rf8 Rd7 35. Re1 Rg3 36. Rf4 g5 37. Rf6 Rf7 38. Nxe6 Rxf6 39. exf6 Nxe6
40. Rxe6+ Kc5 41. Re5 Rf3 42. Rxg5 Rxf6 43. Rg8 Rg6 44. Rh8 Rxg4 45. Rxh7 Rg5
46. Rb7 Kd4 47. Kb2 Rg8 48. Ra7 Rb8 49. Rxa5 Rb7 50. Ra8 Rb6 51. Rc8 Ke3 52.
Rc5 Kd4 53. Rc8 Ke3 54. Rc7 d4 55. a5 Ra6 56. Re7+ Kd2 57. Rd7 Ke3 58. Rd5 Ke4
59. Rb5 Ke3 60. Rxb4 Rxa5 61. Rc4 Ra8 62. b4 Rh8 63. Kb3 Ra8 64. b5 Rb8 65. Kb4
d3 66. Rc3 Kd2 67. Rxd3+ Kxc2 68. Rd6 1-0

[Event "41st IT Bosna 2011"]
[Site "Sarajevo"]
[Date "2011.05.06"]
[Round "4.1"]
[White "Popovic, Dusan"]
[Black "Lenic, Luka"]
[Result "1/2-1/2"]
[WhiteElo "2553"]
[BlackElo "2637"]
[PlyCount "23"]
[EventDate "2011.05.03"]

1. e4 e5 2. Nf3 Nc6 3. Bb5 a6 4. Ba4 Nf6 5. d3 d6 6. c3 g6 7. Bg5 Bg7 8. Nbd2
O-O 9. Nf1 b5 10. Bb3 Qd7 11. Ne3 Bb7 12. O-O 1/2-1/2

[Event "41st IT Bosna 2011"]
[Site "Sarajevo"]
[Date "2011.05.06"]
[Round "4.2"]
[White "Saric, Ivan"]
[Black "Szabo, Krisztian"]
[Result "1-0"]
[WhiteElo "2637"]
[BlackElo "2512"]
[PlyCount "71"]
[EventDate "2011.05.03"]

1. e4 e5 2. Nf3 Nc6 3. Bb5 a6 4. Ba4 Nf6 5. O-O b5 6. Bb3 Bc5 7. c3 d6 8. d4
Bb6 9. a4 Rb8 10. axb5 axb5 11. Na3 Bg4 12. Nxb5 O-O 13. d5 Ne7 14. Bc2 Qd7 15.
c4 Ng6 16. h3 Bxh3 17. gxh3 Qxh3 18. Ng5 Qg3+ 19. Kh1 Qh4+ 20. Kg2 Nf4+ 21.
Bxf4 exf4 22. Nh3 g5 23. Ra3 Ng4 24. Nd4 Bxd4 25. Qxd4 Ne5 26. Bd1 f5 27. Rh1
fxe4 28. Qxe4 Rxb2 29. Rh2 Rd2 30. Qe1 Nxc4 31. Kh1 Qh6 32. Rc3 Rd4 33. Nxg5
Qg6 34. Bc2 Qxg5 35. Qe6+ Rf7 36. Rg2 1-0